书目信息 |
| 题名: |
图书馆文明服务手册
|
|
| 作者: | 程亚男 主编 | |
| 分册: | ||
| 出版信息: | 北京 北京图书馆出版社 2003 |
|
| 页数: | 169页 | |
| 开本: | 20cm | |
| 丛书名: | ||
| 单 册: | ||
| 中图分类: | G251.6-62 | |
| 科图分类: | ||
| 主题词: | 图书馆员--tu shu guan yuan--职业道德--手册 | |
| 电子资源: | ||
| ISBN: | 7-5013-2082-9 | |
| 000 | 00823nam0 2200217 450 | |
| 001 | CAL 010090003189 | |
| 005 | 20070729101500.93 | |
| 010 | @a7-5013-2082-9@dCNY12.00 | |
| 100 | @a20030623d2003 em y0chiy0121 ea | |
| 101 | 0 | @achi |
| 102 | @aCN@b110000 | |
| 105 | @ay z 000yy | |
| 200 | 1 | @a图书馆文明服务手册@Atu shu guan wen ming fu wu shou ce@f程亚男主编 |
| 210 | @a北京@c北京图书馆出版社@d2003@h1920.04 | |
| 215 | @a169页@d20cm | |
| 330 | @a本书从职业道德的高度, 立足图书馆服务实际, 对图书馆文明服务进行了规范。其主要内容包括职业道德、文明服务、行为举止、语言、仪容仪表、办公与外事礼仪等, 并结合图书馆服务中的实例进行了评析。 | |
| 606 | 0 | @a图书馆员@Atu shu guan yuan@x职业道德@j手册 |
| 690 | @aG251.6-62@v4 | |
| 701 | 0 | @a程亚男@Acheng ya nan@4主编 |
| 801 | 0 | @aCN@bWHC@c20070729 |
| 905 | @a10447@dG251.6-62@e22 | |
| 图书馆文明服务手册/程亚男主编.-北京:北京图书馆出版社,2003(1920.04) |
| 169页;20cm |
| ISBN 7-5013-2082-9:CNY12.00 |
| 本书从职业道德的高度, 立足图书馆服务实际, 对图书馆文明服务进行了规范。其主要内容包括职业道德、文明服务、行为举止、语言、仪容仪表、办公与外事礼仪等, 并结合图书馆服务中的实例进行了评析。 |
| ● |
| 相关链接 |
|
|
|
|
正题名:图书馆文明服务手册
索取号:G251.6-62/22
 
预约/预借
| 序号 | 登录号 | 条形码 | 馆藏地/架位号 | 状态 | 备注 |
| 1 | 0784670 | 207846704 | 第一样本阅览室/ [索取号:G251.6-62/22] | 在馆 | |
| 2 | 0784671 | 207846713 | 第四借阅区/ [索取号:G251.6-62/22] | 在馆 | |
| 3 | 0784923 | 207849239 | 第四借阅区/ [索取号:G251.6-62/22] | 在馆 |